000
00272nam a2200109Ia 4500
005
20251222144708.0
008
251222s9999||||xx |||||||||||||| ||spa||
082
_a
332.671/M22
245
0
_a
Manual de Mercado de Capitales
264
_b
Universidad de Alicante
942
_c
LIB
999
_c
17730
_d
17730